La próstata y sus enfermedades / (Registro nro. 117064)

Detalles MARC
000 -LEADER
campo de control de longitud fija 00619nam a2200205 4500
001 - NÚMERO DE CONTROL
campo de control 117064
003 - IDENTIFICADOR DE NÚMERO DE CONTROL
campo de control ES-MaACL
005 - FECHA Y HORA DE LA ÚLTIMA TRANSACCIÓN
campo de control 20230906190825.0
007 - CAMPO FIJO DE DESCRIPCIÓN FÍSICA--INFORMACIÓN GENERAL
campo de control de longitud fija t|
008 - DATOS DE LONGITUD FIJA--INFORMACIÓN GENERAL
campo de control de longitud fija 071121s1956 sp r ||||1| spa d
100 1# - ENTRADA PRINCIPAL--NOMBRE DE PERSONA
Nombre de persona Peña, Alfonso de la.
9 (RLIN) 90203
245 13 - MENCIÓN DEL TÍTULO
Título La próstata y sus enfermedades /
Mención de responsabilidad, etc. por Alfonso de la Peña, R. Martínez.
260 ## - PUBLICACIÓN, DISTRIBUCIÓN, ETC.
Lugar de publicación, distribución, etc. Valencia :
Nombre del editor, distribuidor, etc. Pastor,
Fecha de publicación, distribución, etc. 1956.
300 ## - DESCRIPCIÓN FÍSICA
Extensión 108 p. :
Otras características físicas il. ;
Dimensiones 17 cm.
490 1# - MENCIÓN DE SERIE
Mención de serie Enciclopedia de la salud
700 1# - ENTRADA AGREGADA--NOMBRE PERSONAL
Nombre de persona Martínez, R.
9 (RLIN) 77799
830 0# - PUNTO DE ACCESO ADICIONAL DE SERIE-TÍTULO UNIFORME
Título uniforme Enciclopedia de la salud
9 (RLIN) 233337
852 ## - LOCALIZACIÓN
Ubicación ES-MaACL
Número de control de estantería C-11668
Sublocalización o colección R.39506
Existencias
Estatus retirado Estado de pérdida Estado de daño No para préstamo Biblioteca de origen Biblioteca actual Ubicación en estantería Fecha de adquisición Fuente de adquisición Total de préstamos Signatura topográfica completa Código de barras Visto por última vez Precio de reemplazo Tipo de ítem Koha
        Biblioteca del Ateneo de Madrid Biblioteca del Ateneo de Madrid Sala Palomar 17/01/2008     C-11668 1122055 23/02/2023 23/02/2023 Libro impreso